[Event "2nd Bundesliga Mitte 2005-6"]
[Site "Austria AUT"]
[Date "2006.02.04"]
[Round "6"]
[White "Wegener,D"]
[Black "Tober,G"]
[Result "1/2-1/2"]
[WhiteElo "2346"]
[BlackElo "2318"]

1.e4 d5 2.exd5 Qxd5 3.Nc3 Qd6 4.d4 Nf6 5.Be3 a6 6.Be2 Nbd7 7.Nf3 e6 8.Qd2 b5
9.Bf4 Qb6 10.O-O Bb7 11.a4 b4 12.Nd1 c5 13.Ne3 cxd4 14.Nc4 Qc5 15.Qxd4 Bd5
16.Ne3 Qxd4 17.Nxd4 Bc5 18.Nb3 Bxe3  1/2-1/2

[Event "ch-CUB sf"]
[Site "Santa Clara CUB"]
[Date "2006.02.13"]
[Round "9"]
[White "Borges,Y"]
[Black "Almeida,O"]
[Result "1-0"]
[WhiteElo "2362"]
[BlackElo "2454"]

1.e4 d5 2.exd5 Qxd5 3.Nc3 Qd6 4.Nf3 Nf6 5.Bc4 a6 6.a4 Nc6 7.h3 h6 8.b3 Bf5
9.Ba3 Qd7 10.a5 e5 11.Bxf8 Rxf8 12.d3 O-O-O 13.Nd2 Nd4 14.Qc1 Rfe8 15.f3 Bg6
16.Qb2 Nh5 17.O-O-O Nf4 18.g4 Qc6 19.Nce4 Rd7 20.b4 Red8 21.Kb1 f6 22.Nc5 Re7
23.Nde4 Be8 24.Rdf1 g6 25.h4 f5 26.gxf5 gxf5 27.Ng3 Rg7 28.Nxf5 Nxf5 29.Qxe5 Bd7
30.Qxf4 Ng3 31.Qe5 Nxf1 32.Qxg7 Qxf3 33.Rg1 Nd2+ 34.Kb2 Qf4 35.Qxd7+  1-0

[Event "ch-CZE"]
[Site "Brno CZE"]
[Date "2006.02.14"]
[Round "8"]
[White "Cvek,R"]
[Black "Simacek,P"]
[Result "1/2-1/2"]
[WhiteElo "2498"]
[BlackElo "2480"]

1.e4 d5 2.exd5 Qxd5 3.Nc3 Qd6 4.d4 Nf6 5.Nf3 c6 6.Ne5 Nbd7 7.Nc4 Qc7 8.Qf3 Nb6
9.Bf4 Qd8 10.Be5 Be6 11.Ne3 Nbd5 12.Bxf6 Nxc3 13.bxc3 exf6 14.Bd3 Bd6 15.O-O O-O
16.c4 g6 17.Rfd1 f5 18.c5 Bc7 19.Bc4 f4 20.Bxe6 fxe3 21.Bb3 Qh4 22.g3 exf2+
23.Qxf2 Qg5 24.d5 Be5 25.Rab1 Rad8 26.d6 h5 27.Rd3 Kg7 28.Re1 h4 29.Qe3 Qxe3+
30.Rexe3 Rfe8 31.Kg2 hxg3 32.hxg3 b6 33.Ba4 bxc5 34.Bxc6 Re6 35.d7 Rxc6 36.Rxe5  1/2-1/2

[Event "Masters"]
[Site "Bunratty IRL"]
[Date "2006.02.18"]
[Round "3"]
[White "Arakhamia,K"]
[Black "McPhillips,K"]
[Result "0-1"]
[WhiteElo "2426"]
[BlackElo "2210"]

1.e4 d5 2.exd5 Qxd5 3.Nc3 Qd6 4.d4 Nf6 5.Nf3 a6 6.Ne5 Nc6 7.Nxc6 Qxc6 8.Bf4 Be6
9.Qd3 O-O-O 10.a3 g6 11.O-O-O Nd5 12.Nxd5 Bxd5 13.f3 Bg7 14.Qe3 Rd7 15.Bd3 Rhd8
16.Be5 Bxe5 17.dxe5 Bc4 18.Be4 Rxd1+ 19.Rxd1 Rxd1+ 20.Kxd1 Bd5 21.Bd3 Bc4
22.Kd2 Bxd3 23.cxd3 Qd5 24.d4 Kd7 25.Qc3 f6 26.Ke3 fxe5 27.dxe5 c5 28.g3 Ke6
29.f4 b5 30.Qc2 Qd4+ 31.Kf3 Kd5 32.h4 c4 33.h5 gxh5 34.Qxh7 Qxb2 35.Qxe7 Qb3+
36.Kf2 Qc2+ 37.Kf3 Qd3+ 38.Kf2 Qc2+ 39.Kf3 Qd1+ 40.Kf2 Qc2+ 41.Kf3 Qb3+ 42.Kf2 Qb2+
43.Kf3 c3 44.Qd6+ Kc4 45.Qe6+ Kd3 46.Qd6+ Kc2 47.e6 Kb1 48.e7 c2 49.e8=Q c1=Q
50.Qe4+ Ka1 51.Qxa6 Qh1+ 52.Ke3 Qe1+ 53.Kf3  0-1

[Event "Masters"]
[Site "Bunratty IRL"]
[Date "2006.02.19"]
[Round "5"]
[White "Collins,S IRL"]
[Black "McPhillips,K"]
[Result "1-0"]
[WhiteElo "2409"]
[BlackElo "2210"]

1.e4 d5 2.exd5 Qxd5 3.Nc3 Qd6 4.Nf3 Nf6 5.d4 a6 6.Bg5 Nc6 7.d5 Ne5 8.Be2 Nxf3+
9.Bxf3 Bf5 10.O-O h6 11.Bh4 O-O-O 12.Qe2 Qd7 13.Bg3 g5 14.Qe3 Kb8 15.b4 Bg7
16.b5 g4 17.bxa6 gxf3 18.Qb6 Qc8 19.Nb5  1-0

[Event "EU-chT Seniors"]
[Site "Dresden GER"]
[Date "2006.02.19"]
[Round "3"]
[White "Seuss,O"]
[Black "Malmdin,N"]
[Result "1/2-1/2"]
[WhiteElo "2113"]
[BlackElo "2245"]

1.e4 d5 2.exd5 Qxd5 3.Nc3 Qd6 4.d4 Nf6 5.Nf3 a6 6.Be2 Nc6 7.O-O Bg4 8.Be3 e6
9.Qd2 O-O-O 10.Rfd1 h6 11.h3 Bf5 12.a3 g5 13.b4 Ne4 14.Nxe4 Bxe4 15.c4 Bg7
16.b5 axb5 17.cxb5 Ne7 18.Qa5 b6 19.Qa7 Qd5 20.Rac1 Qb7 21.Qa4 Kb8 22.Qc4 Rd7
23.Ne1 Nf5 24.Bf3 Rhd8 25.Bxe4 Qxe4 26.Nc2 Bf8 27.Rd3 Qd5 28.Qa4 Qa8 29.Qc4 Qd5
30.Qa4 Qa8 31.Qc4  1/2-1/2

[Event "Premier"]
[Site "Portsmouth ENG"]
[Date "2006.02.19"]
[Round "6"]
[White "Compton,A"]
[Black "Coates,K"]
[Result "0-1"]
[WhiteElo "2088"]
[BlackElo "2197"]

1.e4 d5 2.exd5 Qxd5 3.Nc3 Qd6 4.d4 Nf6 5.Nf3 a6 6.Ne5 c5 7.Bf4 Qxd4 8.Qf3 g5
9.Bg3 g4 10.Qe2 Be6 11.Rd1 Qb4 12.Nd3 Qa5 13.Qe3 Nbd7 14.Ne5 Nxe5 15.Bxe5 Bg7
16.Be2 O-O 17.O-O Rad8 18.Qg5 Rxd1 19.Rxd1 Rd8 20.Rf1 h6 21.Qh4 Qb4 22.Qg3 Ne4
23.Nxe4 Qxe4 24.Bxg7 Qxe2 25.Qe5 Qxe5 26.Bxe5 Bxa2 27.b3 c4 28.b4 c3 29.Bxc3 Rc8
30.Ra1 Be6 31.Bd2 Rxc2 32.Bxh6 Rb2 33.h3 gxh3 34.gxh3 Bxh3 35.Ra3 Be6 36.Re3 Rxb4  0-1

[Event "2nd Bundesliga Ost 2005-6"]
[Site "Austria AUT"]
[Date "2006.02.24"]
[Round "7"]
[White "Wallner,A"]
[Black "Brustkern,J"]
[Result "1-0"]
[WhiteElo "2246"]
[BlackElo "2240"]

1.e4 d5 2.exd5 Qxd5 3.Nc3 Qd6 4.d4 Nf6 5.Nf3 a6 6.g3 Bg4 7.Bg2 Nc6 8.Bf4 Qe6+
9.Ne2 Nd5 10.O-O O-O-O 11.Bd2 Qf5 12.Nh4 Qd7 13.Nf3 Nf6 14.c3 h5 15.Qb3 Ne4
16.Be3 Nd6 17.Nf4 Na5 18.Qd5 Qb5 19.Qxb5 axb5 20.a4 bxa4 21.Rxa4 Nac4 22.Ne5 Nb6
23.Ra7 e6 24.c4 f6 25.Nxg4 Nbxc4 26.Nxe6 Re8 27.Nc5 c6 28.Ra8+ Kc7 29.Rxe8 Nxe8
30.Bf4+ Kb6 31.Ne3  1-0

[Event "13th Open Metalis"]
[Site "Bizovac CRO"]
[Date "2006.02.25"]
[Round "6"]
[White "Nevednichy,V"]
[Black "Saric,Ib"]
[Result "1-0"]
[WhiteElo "2581"]
[BlackElo "2461"]

1.e4 d5 2.exd5 Qxd5 3.Nc3 Qd8 4.d4 c6 5.Bc4 Nf6 6.Nf3 e6 7.O-O Be7 8.a4 O-O
9.Qe2 b6 10.Re1 a5 11.Bb3 Ba6 12.Qe3 Ra7 13.Ne5 c5 14.dxc5 Bxc5 15.Qg3 Nfd7
16.Bf4 Kh8 17.Rad1 Qc8 18.Ne4 Nc6 19.Nf3 Ne7 20.Qh3 Ng6 21.Nfg5 h6 22.Bd6 Ne7
23.Bxc5  1-0

[Event "2nd ch-SCG Women"]
[Site "Tivat SCG"]
[Date "2006.02.25"]
[Round "5"]
[White "Bulajic,R"]
[Black "Vojinovic,J"]
[Result "1/2-1/2"]
[WhiteElo "2286"]
[BlackElo "2035"]

1.e4 d5 2.exd5 Qxd5 3.Nc3 Qd6 4.Nf3 a6 5.Be2 Nf6 6.h3 b5 7.a3 Bb7 8.O-O e6
9.d4 c5 10.dxc5 Qxd1 11.Rxd1 Bxc5 12.Bf4 Nbd7 13.Ne5 Nb6 14.Bf3 Bxf3 15.Nxf3 Nc4
16.b4 Be7 17.Ne5 Rc8 18.Rd3 O-O 19.g4 h6 20.Ra2 Rfd8 21.Nxc4 Rxc4 22.Rxd8+ Bxd8
23.Ne2 Bb6 24.Kf1 Ne4 25.f3 Nc3 26.Nxc3 Rxf4 27.Ke2 Rc4 28.Ne4 Kf8 29.Nf2 Bxf2
30.Kxf2 Ke7 31.Ke3 Kd6 32.Kd3 Ke5 33.c3 Kf4 34.Ra1 Kg3 35.a4 Rc7 36.axb5 axb5
37.Ra5 Rb7 38.c4 bxc4+ 39.Kxc4 Kxf3 40.b5 e5 41.Ra3+ Kf2 42.Ra2+ Kf3 43.Ra3+ Kf2
44.Ra2+ Kf1 45.Ra1+ Kg2 46.Ra3 e4 47.Re3 g6 48.Rxe4 Kxh3 49.Kc5 Kg3 50.Kc6 Rb8
51.Rb4 f5 52.gxf5 gxf5 53.Kc7 Rf8 54.b6 f4 55.b7 f3 56.b8=Q Rxb8 57.Rxb8 f2
58.Rg8+ Kh2 59.Rf8  1/2-1/2

[Event "2nd Bundesliga Ost 2005-6"]
[Site "Austria AUT"]
[Date "2006.02.26"]
[Round "9"]
[White "Posch,W"]
[Black "Brustkern,J"]
[Result "1/2-1/2"]
[WhiteElo "2250"]
[BlackElo "2240"]

1.e4 d5 2.exd5 Qxd5 3.Nc3 Qd6 4.d4 Nf6 5.Bc4 a6 6.Bb3 Nc6 7.Nge2 Bg4 8.f3 Bf5
9.Bf4 Qd7 10.Qd2 Na5 11.Ne4 Nxb3 12.Nxf6+ gxf6 13.axb3 O-O-O 14.O-O e5 15.Be3 Rg8
16.c3 Be6 17.b4 Bxb4  1/2-1/2

[Event "TCh-CZE Extraliga 2005-6"]
[Site "Czech Rep CZE"]
[Date "2006.02.26"]
[Round "9"]
[White "Murdzia,P"]
[Black "Smistik,M"]
[Result "1-0"]
[WhiteElo "2460"]
[BlackElo "2379"]

1.e4 d5 2.exd5 Qxd5 3.Nc3 Qd8 4.Bc4 Nf6 5.Nf3 c6 6.O-O b5 7.Bb3 e6 8.d4 Be7
9.Bg5 Nbd7 10.Qe2 h6 11.Bxf6 Nxf6 12.Ne5 Bd7 13.Ne4 Qb6 14.c3 Rd8 15.Rad1 Nxe4
16.Qxe4 Bf6 17.Rfe1 O-O 18.Bc2 Rfe8 19.Ng4 Kf8 20.Nxf6 gxf6 21.Qh4 Ke7 22.Re3 Rg8
23.Rf3 Rdf8 24.Rxf6 Ke8 25.Rxh6 Qd8 26.Qxd8+ Kxd8 27.f3 Ke7 28.Kf2 a5 29.Rh5 Rh8
30.Rxh8 Rxh8 31.h3 b4 32.c4 c5 33.dxc5 Rh5 34.b3 Rxc5 35.g4 f5 36.f4 fxg4
37.hxg4 e5 38.f5 Bc6 39.Ke3 a4 40.Be4 Be8 41.Rd5 Rxd5 42.Bxd5 a3 43.g5 Kd6
44.g6 Ba4 45.g7 Bxb3 46.g8=Q  1-0

[Event "TCh-CZE Extraliga 2005-6"]
[Site "Czech Rep CZE"]
[Date "2006.02.26"]
[Round "9"]
[White "Klima,L"]
[Black "Nedela,V"]
[Result "1-0"]
[WhiteElo "2445"]
[BlackElo "2374"]

1.e4 d5 2.exd5 Qxd5 3.Nc3 Qd6 4.d4 c6 5.Nf3 Nf6 6.Ne5 e6 7.Bf4 Qd8 8.Qf3 Be7
9.O-O-O O-O 10.Bd3 Nbd7 11.Qh3 Re8 12.Rhe1 Nf8 13.Qf3 Ng6 14.Bg3 Rf8 15.Kb1 Bb4
16.h4 Bxc3 17.bxc3 Qd5 18.c4 Qxf3 19.Nxf3 b6 20.Ne5 Bb7 21.f3 Rfd8 22.Bf2 Rac8
23.Kb2 Nd7 24.Nxg6 hxg6 25.c5 bxc5 26.dxc5 Nf6 27.Bg3 Rd7 28.Bc4 Rcd8 29.Rxd7 Rxd7
30.Bd6 Ne8 31.Bb8 Bc8 32.Kc3 Nf6 33.Rb1 Kh7 34.Bd6 Bb7 35.a4 Nd5+ 36.Kd4 f6
37.Rb3 Kh6 38.a5 a6 39.g3 g5 40.hxg5+ Kxg5 41.Be2 Kg6 42.f4 Ne7 43.g4 Nd5
44.Ke4 Kf7 45.f5 exf5+ 46.gxf5 g6 47.fxg6+ Kxg6 48.Rg3+ Kh7 49.Bg4 Rf7 50.Be6 Rg7
51.Rh3+ Kg6 52.c4 Nb4 53.Rb3 Nc2 54.Bf5+  1-0

[Event "Breizh Masters"]
[Site "Guingamp FRA"]
[Date "2006.02.28"]
[Round "3"]
[White "Calistri,T"]
[Black "Ragot,N"]
[Result "0-1"]
[WhiteElo "2382"]
[BlackElo "2203"]

1.e4 d5 2.exd5 Qxd5 3.Nc3 Qd8 4.Bc4 Nf6 5.Nf3 e6 6.d4 c6 7.Bg5 Nbd7 8.Qe2 Be7
9.O-O-O Nd5 10.Ne4 N7f6 11.Ng3 b5 12.Bb3 Qc7 13.Ne5 a5 14.Bxd5 Nxd5 15.Bxe7 Nxe7
16.Qf3 Nd5 17.Ne4 O-O 18.h4 f6 19.Nd3 e5 20.dxe5 fxe5 21.Qg3 Nf4 22.Rhe1 Bf5
23.Ndc5 Rad8 24.Rxd8 Qxd8 25.Nb7 Qd5 26.Nc3 Qd4 27.Nxa5 Qb6 28.Nb3 b4 29.Ne4 Qa6
30.Qf3 Qxa2 31.Nec5 Nd5 32.Qg3 e4 33.Qe5 Qa7  0-1

[Event "70th ch-BUL"]
[Site "Svilengrad BUL"]
[Date "2006.03.01"]
[Round "2"]
[White "Radulski,J"]
[Black "Panbukchian,V"]
[Result "0-1"]
[WhiteElo "2515"]
[BlackElo "2312"]

1.e4 d5 2.exd5 Qxd5 3.Nc3 Qd6 4.d4 Nf6 5.Nf3 a6 6.a3 Bf5 7.Bd3 Bg6 8.Bg5 Nc6
9.Bxg6 hxg6 10.Qd3 Qe6+ 11.Be3 Qg4 12.O-O-O Rh5 13.Rhg1 e6 14.h3 Qf5 15.Qc4 Qa5
16.Nd2 Nd5 17.Nb3 Qb6 18.g4 Nxe3 19.fxe3 Rxh3 20.d5 Ne5 21.Qa4+ Nd7 22.dxe6 Qxe6
23.Nd5 O-O-O 24.Qc4 c6 25.Na5 Bc5 26.Qb3 b6 27.Qd3 Nb8 28.Qf1 Rxd5 29.Qxh3 Bxe3+
30.Kb1 Bxg1  0-1

[Event "70th ch-BUL"]
[Site "Svilengrad BUL"]
[Date "2006.03.03"]
[Round "4"]
[White "Petkov,V"]
[Black "Panbukchian,V"]
[Result "0-1"]
[WhiteElo "2512"]
[BlackElo "2312"]

1.e4 d5 2.exd5 Qxd5 3.Nc3 Qd6 4.d4 Nf6 5.Nf3 a6 6.Bd3 g6 7.Bg5 Bg7 8.Qd2 Nc6
9.O-O-O Bg4 10.Bf4 Qb4 11.a3 Qa5 12.Be2 O-O-O 13.d5 Be6 14.Bc4 Qc5 15.Qe3 Qxc4
16.dxc6 Nd5 17.cxb7+ Kxb7 18.Nxd5 Bxd5 19.Be5 f6 20.b3 Qc6 21.Bc3 Bh6 22.Qxh6 Qxc3
23.Nd2 Be4  0-1

[Event "2nd Bundesliga Mitte 2005-6"]
[Site "Austria AUT"]
[Date "2006.03.04"]
[Round "8"]
[White "Butunoi,A"]
[Black "Tober,G"]
[Result "1-0"]
[WhiteElo "2402"]
[BlackElo "2318"]

1.e4 d5 2.exd5 Qxd5 3.Nc3 Qd6 4.d4 Nf6 5.Nf3 a6 6.g3 Bg4 7.h3 Bh5 8.Bg2 Nc6
9.Bf4 Qb4 10.a3 Qxb2 11.Na4 Qb5 12.c4 Qxc4 13.Rc1 Qd5 14.O-O Rd8 15.g4 Bg6
16.Bxc7 Rd7 17.Nb6 Qe4 18.Nxd7 Nxd7 19.Ne5  1-0

[Event "55th ch-BUL w"]
[Site "Svilengrad BUL"]
[Date "2006.03.05"]
[Round "6"]
[White "Andreeva,P"]
[Black "Draganova,P"]
[Result "1/2-1/2"]
[WhiteElo "2071"]
[BlackElo "2049"]

1.e4 d5 2.exd5 Qxd5 3.Nc3 Qd8 4.Bc4 c6 5.d3 Nf6 6.Nge2 b5 7.Bb3 Nbd7 8.a3 e6
9.O-O Bd6 10.Ng3 Qc7 11.Qe2 O-O 12.Bd2 a6 13.Kh1 c5 14.Nce4 Nxe4 15.Nxe4 Be5
16.c3 Nf6 17.f4 Nxe4 18.dxe4 c4 19.Bc2 Bd6 20.e5 Bc5 21.Rf3 g6 22.Rh3 Rd8
23.Be1 Bb7 24.Bh4 Be7 25.Qf2 Bxh4 26.Qxh4 f5 27.Qe1 Rd7 28.Re3 Rad8 29.Re2 Rd5
30.Rd1 Rxd1 31.Bxd1 Be4 32.Rd2 Bd5 33.h3 Rd7 34.Kh2 Qd8 35.Rd4 Be4 36.Qe3 Rxd4
37.cxd4 Qd5 38.Qd2 Bd3 39.Qf2 a5 40.Bf3 Be4 41.Qh4 Qd7 42.Bd1 Bc6 43.Qf6 b4
44.axb4 axb4 45.h4 b3 46.h5 Qf7 47.Qd8+ Qe8 48.Qf6 gxh5 49.Qg5+ Qg6 50.Qd8+ Be8
51.Be2 Kg7 52.Bxc4 h6 53.Qe7+ Bf7 54.Bxb3 Qg4 55.Qf6+ Kg8 56.Qxh6 Qh4+  1/2-1/2

[Event "70th ch-BUL"]
[Site "Svilengrad BUL"]
[Date "2006.03.05"]
[Round "7"]
[White "Dimitrov,Vl"]
[Black "Panbukchian,V"]
[Result "1-0"]
[WhiteElo "2449"]
[BlackElo "2312"]

1.e4 d5 2.exd5 Qxd5 3.Nc3 Qd6 4.d4 Nf6 5.Nf3 a6 6.g3 Bg4 7.Bg2 Nc6 8.O-O O-O-O
9.d5 Nb4 10.h3 Bxf3 11.Qxf3 Nbxd5 12.Nxd5 Qxd5 13.Qe3 Qb5 14.c4 Qb6 15.Qe2 e6
16.b4 Qxb4 17.Bf4 Qa4 18.Rab1 Bd6 19.Bxd6 Rxd6 20.Rxb7 Rhd8 21.Ra7 Nd7 22.Kh2 Nc5
23.Qh5 Nd7 24.c5 Rd2 25.Ra8+  1-0

[Event "LXIII ch-POL"]
[Site "Krakow POL"]
[Date "2006.03.07"]
[Round "11"]
[White "Macieja,B"]
[Black "Heberla,B"]
[Result "1-0"]
[WhiteElo "2585"]
[BlackElo "2487"]

1.e4 d5 2.exd5 Qxd5 3.Nc3 Qd6 4.d4 Nf6 5.Nf3 Bg4 6.h3 Bh5 7.g4 Bg6 8.Ne5 Nbd7
9.Bf4 Nxe5 10.Bxe5 Qb6 11.Qf3 e6 12.Bxf6 gxf6 13.O-O-O O-O-O 14.Bd3 Be7 15.d5 Bb4
16.Qxf6 Bxc3 17.Qxc3 exd5 18.f4 Qe3+ 19.Qd2 Qxd2+ 20.Kxd2 Bxd3 21.Kxd3 Rde8
22.Rde1 Kd7 23.Re5 Rxe5 24.fxe5 Rg8 25.Rf1 Ke7 26.Rf5 Rg6 27.Rh5 h6 28.Kd4 c6
29.Rf5 Re6 30.a4 b6 31.b4 Rg6 32.b5 Re6 33.Rf3 Rg6 34.Rc3 c5+ 35.Kxd5 h5
36.Rc4 hxg4 37.Rxg4 Rh6 38.h4 Kd7 39.Rf4 Ke7 40.Rg4 Kd7 41.Rf4 Ke7 42.c3 Ke8
43.a5 bxa5 44.Kxc5 Re6 45.Kd5 a6 46.c4 a4 47.h5 Rh6 48.Rh4 Kd7 49.Rh3 Kc7
50.Rf3 axb5 51.Rxf7+ Kb6 52.Rf6+  1-0

[Event "2nd ch-SCG"]
[Site "Pancevo SCG"]
[Date "2006.03.09"]
[Round "10"]
[White "Kovacevic,A"]
[Black "Djukic,Ni"]
[Result "1-0"]
[WhiteElo "2535"]
[BlackElo "2523"]

1.e4 d5 2.exd5 Qxd5 3.Nc3 Qd8 4.d4 Nf6 5.Bc4 a6 6.Nf3 b5 7.Bb3 c5 8.dxc5 Qxd1+
9.Nxd1 e6 10.a4 b4 11.a5 Bxc5 12.Ne5 Bb7 13.O-O Ke7 14.Nd3 Bd6 15.Ne3 Be4
16.Rd1 Bxd3 17.Rxd3 Nc6 18.Nc4 Bc5 19.Ba4 Rac8 20.Nb6 Bxb6 21.axb6 Ne5 22.Rd4 Nd5
23.Bb3 Nc6 24.Re4 Rhd8 25.Bg5+ f6 26.Be3 Nb8 27.b7 Rc6 28.Ba7 Kd6 29.Rd1 a5
30.Bxd5 exd5 31.Rxd5+ Kxd5 32.Rd4+ Ke6 33.Rxd8 Rxc2 34.g4 Na6 35.Rc8 b3 36.Bd4 Kd5
37.Ra8 Rc7 38.Rxa6 Rxb7 39.Bc3  1-0

[Event "ch-EST"]
[Site "Tallinn EST"]
[Date "2006.03.10"]
[Round "9"]
[White "Liiva,R"]
[Black "Vovk,I"]
[Result "1-0"]
[WhiteElo "2411"]
[BlackElo "2196"]

1.e4 d5 2.exd5 Qxd5 3.Nc3 Qd6 4.d4 Nf6 5.Nf3 a6 6.g3 Bg4 7.h3 Bh5 8.Bg2 Nc6
9.Be3 O-O-O 10.Qe2 g5 11.O-O-O Bg7 12.Bxg5 Nd5 13.Ne4 Qe6 14.c4 Bxf3 15.Qxf3 Nxd4
16.cxd5 Qxd5 17.Kb1 Nxf3 18.Rxd5 Rxd5 19.Bxf3 Rb5 20.Bc1 f5 21.Ng5 Bd4 22.Rf1 Rb6
23.Be2 Rd8 24.Bc4 a5 25.Be6+ Kb8 26.Bxf5 Bxb2 27.Bxb2 Rd5 28.Bxh7 Rxg5 29.Bd3 a4
30.Ka1 Rd5 31.Bb1 e5 32.h4 c5 33.Be4 Rd2 34.Bc3 Rd7 35.Bxe5+ Ka7 36.h5 a3
37.g4 Rb4 38.f3 c4 39.h6 Rb5 40.h7 Rxh7 41.Bd4+  1-0

[Event "U20ch-RUS"]
[Site "Cheboksary RUS"]
[Date "2006.03.11"]
[Round "10"]
[White "Khairullin,I"]
[Black "Lysyj,I"]
[Result "1/2-1/2"]
[WhiteElo "2533"]
[BlackElo "2523"]

1.e4 d5 2.exd5 Qxd5 3.Nc3 Qd6 4.d4 Nf6 5.Nf3 a6 6.g3 Bg4 7.h3 Bh5 8.Bg2 Nc6
9.O-O O-O-O 10.Bf4 Qb4 11.d5 e5 12.Bd2 e4 13.Nxe4 Qxe4 14.dxc6 Qxc6 15.g4 Bg6
16.Ne5 Qd6 17.Nxg6 hxg6 18.Be3 Qxd1 19.Rfxd1 Rxd1+ 20.Rxd1 Bd6 21.Kf1 Nd7
22.Bd5 Rf8 23.Kg2 Nf6 24.Bb3 Ne4 25.Bd4 f6 26.h4 Rh8 27.Bd5 Nc5 28.Rh1 Re8
29.Be3 Re7 30.g5 c6 31.Bg8 Nd7 32.Rd1 Kc7 33.Bc4 Re4 34.Rd4 Re7 35.Rd1 Re4
36.Rd4 Re7 37.Rd1  1/2-1/2

[Event "TCh-FIN 2005-6"]
[Site "Espoo FIN"]
[Date "2006.03.11"]
[Round "8"]
[White "Holmsten,A"]
[Black "Kiik,K"]
[Result "0-1"]
[WhiteElo "2405"]
[BlackElo "2446"]

1.e4 d5 2.exd5 Qxd5 3.Nc3 Qd6 4.d4 Nf6 5.Nf3 a6 6.Be3 Nc6 7.d5 Nb4 8.Bc4 c6
9.dxc6 Qxd1+ 10.Rxd1 Nxc2+ 11.Ke2 Nxe3 12.cxb7 Bxb7 13.fxe3 e6 14.Bb3 Bb4
15.Ba4+ Ke7 16.Ne5 Rac8 17.Rhf1 Bxc3 18.bxc3 Bxg2 19.Rg1 Be4 20.Rxg7 Bg6
21.Rf1 Bh5+ 22.Kd3 Rhd8+ 23.Kc2 Rd6 24.e4 Nxe4 25.Nxf7 Rd2+ 26.Kc1 Rxc3+
27.Kb1 Nf2 28.Ng5+ Kf6 29.Ne4+ Kxg7 30.Nxd2 Nd3 31.Bb3 Bg6 32.Ka1 e5 33.Nc4 e4
34.Ne3 Nc5 35.Nd5 Nxb3+ 36.axb3 Rxb3 37.Nf4 Rf3  0-1

[Event "Bundesliga 2005-6"]
[Site "Godesberg GER"]
[Date "2006.03.11"]
[Round "12"]
[White "Heinemann,T"]
[Black "Grafl,F"]
[Result "1-0"]
[WhiteElo "2443"]
[BlackElo "2413"]

1.e4 d5 2.exd5 Qxd5 3.Nc3 Qd6 4.d4 Nf6 5.Nf3 a6 6.Be3 b5 7.g3 Bb7 8.Bg2 Nbd7
9.O-O e6 10.Bf4 Qb6 11.a4 b4 12.a5 Qa7 13.Na4 Nd5 14.Bd2 c5 15.Ne5 Nxe5 16.dxe5 Rd8
17.c4 Ne7 18.Bxb7 Qxb7 19.Nxc5 Qc6 20.Nb3 Qxc4 21.Rc1 Qb5 22.Qc2 Nd5 23.Qc6+ Qxc6
24.Rxc6 Ra8 25.Rfc1 Kd7 26.Kf1 Be7 27.R6c4 Rhb8 28.Ke2 Rb5 29.f4 h5 30.Kf3 g6
31.Ke4 Bf8 32.Be1 Be7 33.Bf2 Bd8 34.Rc5 Rxc5 35.Rxc5 Ne7 36.Rc4 Nc6 37.Bb6 Bxb6
38.axb6 Rb8 39.Nc5+ Ke7 40.b7 a5 41.Na6 Rxb7 42.Rxc6 a4 43.Nc5 Ra7 44.Ra6 Rxa6
45.Nxa6 a3 46.bxa3 bxa3 47.Nb4 f6 48.Kd4 g5 49.fxg5 fxg5 50.Kc5  1-0

[Event "Bundesliga 2005-6"]
[Site "Leipzig GER"]
[Date "2006.03.11"]
[Round "12"]
[White "Stellwagen,D"]
[Black "Werner,Di"]
[Result "1-0"]
[WhiteElo "2573"]
[BlackElo "2372"]

1.e4 d5 2.exd5 Qxd5 3.Nc3 Qd6 4.d4 Nf6 5.Nf3 a6 6.Ne5 c5 7.Nc4 Qe6+ 8.Be3 cxd4
9.Qxd4 Nc6 10.Qd2 Bd7 11.O-O-O Rd8 12.Bb6 g6 13.Bxd8 Nxd8 14.Kb1 Bg7 15.Re1 Qc6
16.Nd6+ Kf8 17.Nc4 Qc7 18.Ne5 Nc6 19.f4 Nxe5 20.fxe5 Ng4 21.Nd5 Qc5 22.Nf6 Nxf6
23.exf6 Bxf6 24.Qxd7 Bxb2 25.Qxe7+  1-0

[Event "2nd Bundesliga West 2005-6"]
[Site "Austria AUT"]
[Date "2006.03.17"]
[Round "9"]
[White "Ginsburg,G"]
[Black "Heinzel,O"]
[Result "1/2-1/2"]
[WhiteElo "2503"]
[BlackElo "2401"]

1.e4 d5 2.exd5 Qxd5 3.Nc3 Qd6 4.d4 Nf6 5.Nf3 a6 6.g3 Bg4 7.Bg2 Nc6 8.Bf4 Qd7
9.d5 Nb4 10.Ne5 Bxd1 11.Nxd7 Bg4 12.Nxf6+ gxf6 13.O-O O-O-O 14.Rac1 e5 15.dxe6 fxe6
16.a3 Nc6 17.h3 Bf5 18.g4 Bg6 19.Rfe1 e5 20.Bg3 Bh6 21.Rcd1 Nd4 22.Ne4 Nxc2
23.Rf1 Nd4 24.Nxf6 Ne2+ 25.Kh2 Nxg3 26.fxg3 Rxd1 27.Rxd1 Rf8 28.Nd5 Kb8 29.Ne7 Bc2
30.Re1 Bg7 31.Be4 Bxe4 32.Rxe4 Rf2+ 33.Kh1 Rxb2 34.g5 Bf8 35.Rxe5 Rb5 36.Nd5 Bd6
37.Re8+ Ka7 38.Ne7 Bxe7 39.Rxe7 Rxg5 40.Kg2 c5 41.Rxh7 Kb6 42.h4 Rd5 43.Rh8 c4
44.Rc8 Rc5 45.Rxc5 Kxc5 46.Kf3 Kd4  1/2-1/2

[Event "Pius Brinzeu Mem"]
[Site "Timisoara ROM"]
[Date "2006.03.18"]
[Round "1"]
[White "Ionita,G"]
[Black "Ardelean,G"]
[Result "0-1"]
[WhiteElo "1927"]
[BlackElo "2449"]

1.e4 d5 2.exd5 Qxd5 3.Nc3 Qd6 4.d4 Nf6 5.Bc4 c6 6.Nge2 Bf5 7.Bf4 Qb4 8.Bb3 e6
9.a3 Qa5 10.Qd2 Nbd7 11.h3 Be7 12.O-O-O Qa6 13.g4 Bg6 14.g5 Nd5 15.h4 Bxa3
16.bxa3 Qxa3+ 17.Kb1 Qxb3+ 18.Ka1 Bxc2 19.Rc1 Nb4  0-1

[Event "TCh-HUN 2005-6"]
[Site "Hungary HUN"]
[Date "2006.03.19"]
[Round "9"]
[White "Molnar,Be"]
[Black "Tamassy,Z"]
[Result "1-0"]
[WhiteElo "2332"]
[BlackElo "2252"]

1.e4 d5 2.exd5 Qxd5 3.Nc3 Qd8 4.d4 c6 5.Nf3 Bg4 6.h3 Bxf3 7.Qxf3 Qxd4 8.Be3 Qb4
9.O-O-O Nf6 10.Nb5 Na6 11.Nd4 Nb8 12.a3 Qa5 13.Bc4 Nbd7 14.Nxc6 bxc6 15.Qxc6 Qd8
16.Ba6 e6 17.Rxd7 Nxd7 18.Rd1 Rb8 19.Bxa7 Be7 20.Bxb8 Qxb8 21.Qxd7+ Kf8 22.g3 g6
23.Qd4 e5 24.Qc3 Kg7 25.Rd7 Bg5+ 26.Kb1 Qe8 27.Qc7 Rf8 28.Bc4 e4 29.a4 h5
30.h4 Bf6 31.a5 Bd8 32.Qb7 Bxa5 33.Re7 Qd8 34.Bxf7 Qb6 35.Bb3+ Kf6 36.Re6+  1-0

[Event "Sozina Open"]
[Site "Bar SCG"]
[Date "2006.03.21"]
[Round "4"]
[White "Nestorovic,DN"]
[Black "Tarifa,A"]
[Result "1-0"]
[WhiteElo "2361"]
[BlackElo "2170"]

1.e4 d5 2.exd5 Qxd5 3.Nc3 Qd8 4.d4 Nf6 5.Nf3 Bg4 6.Be3 e6 7.Be2 c6 8.O-O Be7
9.h3 Bh5 10.g4 Bg6 11.Ne5 Nbd7 12.f4 Be4 13.Nxe4 Nxe4 14.Bd3 Nd6 15.c4 O-O
16.Qc2 h6 17.Rad1 Ne8 18.Qg2 f5 19.d5 Bc5 20.Bxc5 Nxc5 21.Bb1 Qb6 22.Kh1 cxd5
23.cxd5 fxg4 24.hxg4 Rd8 25.g5 exd5 26.Rxd5 Rxd5 27.Qxd5+ Qe6 28.Qg2 hxg5
29.Ng6 Rf6 30.b4 Nd7 31.f5 Qd6 32.a3 Rxg6 33.fxg6 Nef6 34.Qa2+ Kh8 35.Qh2+ Qxh2+
36.Kxh2 Kg8 37.Bf5 Ne5 38.Rc1 Kf8 39.Rc8+ Ke7 40.Rc7+ Kd6 41.Rxb7 Nf3+ 42.Kg3 Nd4
43.Bd3 Nh5+ 44.Kg4 Nf6+ 45.Kxg5 Ke5 46.Re7+ Ne6+ 47.Kh4 Kd6 48.Rxa7  1-0

[Event "Pius Brinzeu Mem"]
[Site "Timisoara ROM"]
[Date "2006.03.22"]
[Round "5"]
[White "Nevednichy,V"]
[Black "Ardelean,G"]
[Result "1/2-1/2"]
[WhiteElo "2581"]
[BlackElo "2449"]

1.e4 d5 2.exd5 Qxd5 3.Nc3 Qd6 4.d4 c6 5.Nf3 Nf6 6.Ne5 Nbd7 7.Nc4 Qc7 8.Qf3 Nb6
9.Ne5 Qd6 10.Be3 Be6 11.a3 g6 12.Bd3 Bg7 13.O-O O-O 14.Rfe1 Nfd7 15.Nxd7 Qxd7
16.Qf4 Rad8 17.Rad1 Bg4 18.f3 Bf5  1/2-1/2

[Event "Open"]
[Site "Bad Woerishofen GER"]
[Date "2006.03.23"]
[Round "7"]
[White "Pirrot,D"]
[Black "Tolhuizen,L"]
[Result "1/2-1/2"]
[WhiteElo "2408"]
[BlackElo "2253"]

1.e4 d5 2.exd5 Qxd5 3.Nc3 Qd8 4.d4 Nf6 5.Nf3 c6 6.Bc4 Bf5 7.Ne5 e6 8.g4 Bg6
9.h4 Nbd7 10.Qe2 Bb4 11.f3 Nxe5 12.dxe5 Nd5 13.Bxd5 Bxc3+ 14.bxc3 Qxd5 15.h5 Bxc2
16.Qxc2 Qxf3 17.Rf1 Qg3+ 18.Qf2 Qxc3+ 19.Ke2 Qxe5+  1/2-1/2

[Event "Open"]
[Site "Bad Woerishofen GER"]
[Date "2006.03.23"]
[Round "7"]
[White "Naegele,T"]
[Black "Poulsen,Ma"]
[Result "1/2-1/2"]
[WhiteElo "2220"]
[BlackElo "2325"]

1.e4 d5 2.exd5 Qxd5 3.Nc3 Qd6 4.d4 Nf6 5.Nf3 a6 6.h3 Nbd7 7.Bc4 e6 8.Qe2 Be7
9.Bb3 c5 10.dxc5 Nxc5 11.Bg5 O-O 12.Rd1 Qc7 13.O-O b5 14.Rd4 Bb7 15.Rfd1 Rfd8
16.Ne5 h6 17.Bf4 Qb6 18.Be3 Qa5 19.Rxd8+ Rxd8 20.Rxd8+ Qxd8 21.Nxf7 Kxf7
22.Bxc5 Bxc5 23.Qxe6+ Kg6 24.Qf7+ Kh7 25.Qxb7 Qd2 26.Qf3 Qe1+ 27.Kh2 Bxf2
28.Qd1 Qe5+ 29.Kh1 Nh5 30.Qd3+ g6 31.Qd7+ Ng7 32.Qd1 Bd4 33.Ne2 Bxb2 34.Qd3 h5
35.g4 Qf6 36.Kg2 Be5 37.Qe4 Bc7 38.Qd5 Kh6 39.Qd2+ Kh7  1/2-1/2

[Event "Pius Brinzeu Mem"]
[Site "Timisoara ROM"]
[Date "2006.03.23"]
[Round "6"]
[White "Domanyek,E"]
[Black "Milanovic,Da"]
[Result "0-1"]
[WhiteElo "2237"]
[BlackElo "2486"]

1.e4 d5 2.exd5 Qxd5 3.Nc3 Qd6 4.Nf3 Nf6 5.Bc4 a6 6.h3 b5 7.Be2 Bb7 8.d4 Nbd7
9.O-O e6 10.a4 b4 11.Nb1 c5 12.c3 Be7 13.Nbd2 O-O 14.Nc4 Qc7 15.dxc5 Nxc5
16.cxb4 Rfd8 17.Bd2 Nce4 18.Qb3 Nxd2 19.Nfxd2 Nd5 20.Bf3 Nxb4 21.Bxb7 Qxb7
22.Qf3 Qxf3 23.Nxf3 Rac8 24.b3 Rd3 25.Rab1 f6 26.Rfd1 Rcd8 27.Rxd3 Rxd3 28.Kf1 Na2
29.Re1 e5 30.Re3 Rd8 31.Ne1 Kf7 32.Nd3 Rd4 33.f3 Ke6 34.Ke1 Bf8 35.Kd2 Nb4
36.Nb2 Kd5 37.Kc3 Ke6 38.Re1 g6 39.Re4 Kd5 40.Rxd4+ exd4+  0-1